Opracowanie założeń regionalnych planu zagospodarowania przestrzennego uwzględniającego rozwój turystyki, rekreacji lądowej i morskiej dla stworzenia podstaw regionalnego systemu ekorozwoju województwa : (Rekord nr 6809)
| 000 -ETYKIETA REKORDU | |
|---|---|
| podpole kontrolne o stałej długości | 02071naa a2200277 i 4500 |
| 001 - NUMER KONTROLNY REKORDU | |
| podpole kontrolne | 6809 |
| 003 - IDENTYFIKATOR NUMERU KONTROLNEGO REKORDU | |
| podpole kontrolne | KOSZ 005 |
| 005 - DATA OSTATNIEJ MODYFIKACJI REKORDU | |
| podpole kontrolne | 20171212142943.0 |
| 008 - POLE O STAŁEJ DŁUGOŚCI - DANE KONTROLNE | |
| podpole kontrolne o stałej długości | 150313s1996 pl f |100 0 pol |
| 040 ## - ŹRÓDŁO KATALOGOWANIA | |
| Instytucja, która utworzyła rekord | BPK |
| Instytucja, która dokonała modyfikacji | KOSZ 005/HR |
| 080 ## - UNIWERSALNA KLASYFIKACJA DZIESIĘTNA - UKD | |
| UKD | 502.13/.14 |
| 080 ## - UNIWERSALNA KLASYFIKACJA DZIESIĘTNA - UKD | |
| UKD | 711 |
| 100 1# - NAZWA OSOBOWA | |
| Nazwa osobowa | FILIPKOWSKI, Jan. |
| Lata pracy | 1996 - 2002. |
| Instytucja | Politechnika Koszalińska - Wydział Budownictwa i Inżynierii Środowiska, |
| Wydział | Katedra Mechaniki Budowli |
| 245 10 - TYTUŁ/ODPOWIEDZIALNOŚĆ | |
| Tytuł | Opracowanie założeń regionalnych planu zagospodarowania przestrzennego uwzględniającego rozwój turystyki, rekreacji lądowej i morskiej dla stworzenia podstaw regionalnego systemu ekorozwoju województwa : |
| Ciąg dalszy tytułu | raport z wykonania pracy badawczej objętej zadaniem badawczym nr 3 / |
| Pozostałe elementy strefy tytułu i oznaczenia odpowiedzialności | kier. zespołu Jerzy Kołodziejski ; zespół badawczy : Jerzy Kołodziejski, Jan Filipkowski, Tomasz Parteka, Wojciech Wojciechowski, Ewa Parteka. |
| 500 ## - UWAGI OGÓLNE | |
| Tekst uwagi | Dane z autopsji. |
| 520 ## - UWAGA DOTYCZĄCA TREŚCI DOKUMENTU | |
| Analiza dokumentacyjna, adnotacja itp. | Podstawowym elementem systemu ekorozwoju województwa koszalińskiego jest wdrożenie założeń regionalnego planu zagospodarowania przestrzennego, uwzględniającego rozwój turystyki, rekreacji, lecznictwa sanatoryjnego oraz rolnictwa ekologicznego. Wymaga to w pierwszej kolejności podjęcia czynności zmierzających do zapewnienia czystości wód powierzchniowych i podziemnych. Poprawę stanu tych wód można uzyskać przez modyfikację gospodarki wodno-ściekowej i przebudowę gospodarki odpadami stałymi. |
| 650 #0 - HASŁO PRZEDMIOTOWE W FORMIE NAZWY OGÓLNEJ LUB JEDNOSTKOWEJ | |
| Nazwa ogólna lub geograficzna | Ekorozwój. |
| 650 #0 - HASŁO PRZEDMIOTOWE W FORMIE NAZWY OGÓLNEJ LUB JEDNOSTKOWEJ | |
| Nazwa ogólna lub geograficzna | Turystyka. |
| 650 #0 - HASŁO PRZEDMIOTOWE W FORMIE NAZWY OGÓLNEJ LUB JEDNOSTKOWEJ | |
| Nazwa ogólna lub geograficzna | Oczyszczalnia ścieków. |
| 650 #0 - HASŁO PRZEDMIOTOWE W FORMIE NAZWY OGÓLNEJ LUB JEDNOSTKOWEJ | |
| Nazwa ogólna lub geograficzna | Odpady. |
| 655 #0 - TERMIN INDEKSOWY - OKREŚLENIE RODZAJU/FORMY DOKUMENTU | |
| Określnie rodzaju/formy dokumentu | Materiały konferencyjne. |
| 700 1# - HASŁO DODATKOWE - NAZWA OSOBOWA | |
| Nazwa osobowa | WOJCIECHOWSKI, Wojciech. |
| Lata pracy | 1996 - 2002. |
| Instytucja | Politechnika Koszalińska - Wydział Budownictwa i Inżynierii Środowiska, |
| Wydział | Katedra Mechaniki Budowli |
| 711 22 - HASŁO DODATKOWE - NAZWA IMPREZY | |
| Nazwa imprezy | Konferencja nt. Systemy optymalizacji ekorozwoju województwa koszalińskiego |
| Data imprezy | (1996 ; |
| Miejsce imprezy | Koszalin, Polska). |
| 773 0# - TYTUŁ DOKUMENTU MACIERZYSTEGO | |
| Wyrażenie wprowadzające | W : |
| Tytuł | Systemy optymalizacji ekorozwoju województwa koszalińskiego : materiały konferencyjne. - |
| Adres wydawniczy | Koszalin, 1996. - |
| Informacje dotyczące relacji | s. 79-113 |
| 942 ## - HASŁO DODATKOWE - ELEMENTY(KOHA) | |
| Typ dokumentu | Rozdział |
| Schemat klasyfikacji | Uniwersalna klasyfikacja dziesiętna |
| Wycofany | Zagubiony | Uszkodzony | Dostępność | Lokalizacja stała | Lokalizacja bieżąca | Sygnatura | Typ dokumentu |
|---|---|---|---|---|---|---|---|
| Dostępny | Bibliografia Prac Pracowników - BPK | Bibliografia Prac Pracowników - BPK | 102506 | Rozdział |
